Rukavička

Bibliographic Details
Other Authors: Bulatov, E. (Illustrator), Vasiliev, O. (Illustrator), Vrbická, Eva (Translator)
Format: Book
Language:Slovak
Russian
PhysicalDescription:[32] s. fareb. ilustr. 20 x 28 cm
Published: Moskva Malyš 1975
ISBN:SNBA1975
Subjects:

MARC

LEADER 00000cam a2200000 a 4500
001 vtls009061193
003 SK-MaSNL
005 20260301023334.0
008 250312s1975 xo a b 000 j slo
020 |a SNBA1975 
035 |a PPPK54523 
035 |a urn:nbn:sk:snk-am3hpbz 
035 |a 44787DFF-6658-4B80-975B-93AB0D1F49BE 
035 |a urn:nbn:sk:snk-am00cuc4 
040 |a SNK  |b slo  |c SNK  |e AACR2 
041 1 |a slo  |h rus 
044 |a xo  |c SK 
072 7 |a 821.16  |x Slovanské literatúry  |2 konspekt 
072 7 |a 821-93  |x Literatúra pre deti a mládež  |2 konspekt 
080 |a 821.161.2-34  |2 2001 
080 |a (0:82-34)  |2 2001 
080 |a 398  |2 2001 
080 |a 821-93  |2 2001 
245 0 0 |a Rukavička  |c ilustrovali E. Bulatov, O. Vasiliev ; [z ruštiny preložila E. Vrbická] 
260 |a Moskva  |b Malyš  |c 1975 
300 |a [32] s.  |b fareb. ilustr.  |c 20 x 28 cm 
500 |a Názov z obalu 
500 |a Obal v tvare rukavičky 
655 7 |a publikácie pre deti  |2 SNKPH  |9 70148 
655 7 |a ukrajinské rozprávky  |2 SNKPH  |9 82055 
700 1 |a Bulatov, E.  |4 ill  |9 315541 
700 1 |a Vasiliev, O.  |4 ill  |9 315542 
700 1 |a Vrbická, Eva  |4 trl  |9 311417 
852 |a Slovenská národná knižnica 
954 |a beletria cudzojazyčná (svetová)  |2 lita 
958 |a OND 
999 |c 568998  |d 570928 
952 |a SNK  |b SNK  |y PREZ  |7 0  |p 17A0573006  |o snkSE 11526  |i snk2007/26244  |8 3  |g 1.99  |0 0  |1 0  |4 0  |d 2007-11-30  |f 1  |l 0  |r 2026-02-23 14:09:26  |w 2026-02-23 
952 |a SNK  |b SNK  |y VYP  |7 0  |p 17A1063889  |o snkSE 11526 D1  |i snk2013/8466  |8 1  |0 0  |1 0  |4 0  |d 2013-04-15  |l 0  |r 2026-02-23 14:09:26  |w 2026-02-23